Cosas y gentes de antaño

में बचाया:
ग्रंथसूची विवरण
मुख्य लेखक: Fernández Guardia, Ricardo
स्वरूप: पुस्तक
भाषा:Undetermined
प्रकाशित: San José, Costa Rica Trejos 1939
संस्करण:2
विषय:
टैग: टैग जोड़ें
कोई टैग नहीं, इस रिकॉर्ड को टैग करने वाले पहले व्यक्ति बनें!

MARC

LEADER 00000nam a2200000Ia 4500
008 170316s9999 xx 000 0 und d
040 |a cru BVZT 
090 |a 868 F-7c 
100 |a Fernández Guardia, Ricardo 
245 |a Cosas y gentes de antaño 
250 |a 2 
260 |a San José, Costa Rica 
260 |b Trejos 
260 |c 1939 
300 |a 425 páginas 
650 |a LITERATURA COSTARRICENSE 
999 |c 11047  |d 11047 
942 |c 15 D  |h 868 F-7c  |2 z